LDR 01075nam a2200277 4500 001 000000367443 003 CaOOAMICUS 005 20260424122521.0 008 260424s2005 it a 000 u ita r 020 $a88-7989-967-8 040 $aSeMil$bita 100 1 $aDavidson, Peter.$0(OLS)http://semarc/name/124235 240 14$aThe idea of north.$0(OLS)http://semarc/title/459376 245 12$aL'idea di Nord /$cPeter Davidson ; traduzione di Giovanni Tarantino. 264 1$aRoma :$bDonzelli,$c2005. 300 $aVI, 263 p. :$bill. ;$c20 cm 490 1 $aVirgola ;$v13 700 1 $aTarantino, Giovanni,$d<1972- >.$0(OLS)http://semarc/name/114283 830 0$aVirgola ;$v13.$0(OLS)http://semarc/title/436245 850 $aSeMil 852 $aSeMil$W1$xVenegono$y1$B258140$CSeMilBibl$Z2$F258140 $81 961 $aCaspani Maurizio - Lascito 996 $6020$a88-7989-967-8$9(OLS)http://semarc/number/305740 996 $6245$aL'idea di Nord$9(OLS)http://semarc/title/459377 996 $6264$aRoma :$bDonzelli$9(OLS)http://semarc/publisher/31453